International Retailing Plans and Strategies in Asia / (Record no. 15161)
[ view plain ]
| 000 -LEADER | |
|---|---|
| fixed length control field | 02926cam a22003854a 4500 |
| 001 - CONTROL NUMBER | |
| control field | 13778288 |
| 005 - DATE AND TIME OF LATEST TRANSACTION | |
| control field | 20070613145318.0 |
| 008 - FIXED-LENGTH DATA ELEMENTS--GENERAL INFORMATION | |
| fixed length control field | 041110s2004 nyua b 001 0 eng |
| 010 ## - LIBRARY OF CONGRESS CONTROL NUMBER | |
| LC control number | 2004026733 |
| 020 ## - INTERNATIONAL STANDARD BOOK NUMBER | |
| International Standard Book Number | 0789028883 (hard cover : alk. paper) |
| 020 ## - INTERNATIONAL STANDARD BOOK NUMBER | |
| International Standard Book Number | 9780789028884(soft cover : alk. paper) |
| 040 ## - CATALOGING SOURCE | |
| Original cataloging agency | DLC |
| Transcribing agency | DLC |
| Modifying agency | DLC |
| 042 ## - AUTHENTICATION CODE | |
| Authentication code | pcc |
| 043 ## - GEOGRAPHIC AREA CODE | |
| Geographic area code | a------ |
| 050 00 - LIBRARY OF CONGRESS CALL NUMBER | |
| Classification number | HF5429.6.A75 |
| Item number | I577 2004 |
| 082 00 - DEWEY DECIMAL CLASSIFICATION NUMBER | |
| Classification number | 658.870095 |
| Edition number | 22 |
| Item number | INT |
| 245 00 - TITLE STATEMENT | |
| Title | International Retailing Plans and Strategies in Asia / |
| Statement of responsibility, etc | John Dawson, Jung-Hee Lee, editors. |
| 260 ## - PUBLICATION, DISTRIBUTION, ETC. (IMPRINT) | |
| Place of publication, distribution, etc | Binghamton, NY : |
| Name of publisher, distributor, etc | International Business Press, 2004 |
| Date of publication, distribution, etc | c2004. |
| 300 ## - PHYSICAL DESCRIPTION | |
| Extent | 207 p. : |
| Other physical details | ill. ; |
| Dimensions | 23 cm. |
| 500 ## - GENERAL NOTE | |
| General note | "International retailing plans and strategies in Asia has been co-published simultaneously as Journal of global marketing, Volume 18, numbers 1/2 2004." |
| 504 ## - BIBLIOGRAPHY, ETC. NOTE | |
| Bibliography, etc | Includes bibliographical references and index. |
| 505 0# - FORMATTED CONTENTS NOTE | |
| Formatted contents note | International retailing in Asia / John Dawson, Jung-Hee Lee -- Fairness and relationship quality perceived by local suppliers : in search of critical success factors for international retailers / Seongmu Suh -- Some reasons why foreign retailers have difficulties in succeeding in the Japanese market / Yoshinobu Sato -- The paradox of competition in the world of volatility : an analysis of the drivers in the middle market of international fashion retailing / Nobukazu J. Azuma -- New cultures, new strategies, new formats and new relationships in European retailing : some implications for Asia / John Dawson -- Expansion of Japanese retailers overseas / Roy Larke -- The effects of liberalization in retail markets on economy and retail industry in Korea / Jung-Hee Lee, Sang-Chul Choi -- The strategic importance of retail investment in Asia and its implications for the Metro Group in Asia / Verena Schmekel -- How does the global retailer localize its format? : the case of Toys"R" Us and Carrefour in Japan / Jungyim Baek -- The linkage of trades in terms of wholesale business formats in Japanese distribution systems / Junji Nishimura -- The characteristics of the new retail competition in Asia and the research agenda / Masao Mukoyama. |
| 650 #0 - SUBJECT ADDED ENTRY--TOPICAL TERM | |
| Topical term or geographic name as entry element | Retail trade |
| Geographic subdivision | Asia. |
| 9 (RLIN) | 23245 |
| 650 #0 - SUBJECT ADDED ENTRY--TOPICAL TERM | |
| Topical term or geographic name as entry element | Strategic planning |
| Geographic subdivision | Asia. |
| 9 (RLIN) | 23246 |
| 650 #0 - SUBJECT ADDED ENTRY--TOPICAL TERM | |
| Topical term or geographic name as entry element | Corporate culture |
| Geographic subdivision | Asia. |
| 9 (RLIN) | 23247 |
| 651 #0 - SUBJECT ADDED ENTRY--GEOGRAPHIC NAME | |
| Geographic name | Asia |
| General subdivision | Commerce. |
| 9 (RLIN) | 23248 |
| 653 ## - INDEX TERM--UNCONTROLLED | |
| Resource For college | |
| Arrived date list | April2011 |
| 700 1# - ADDED ENTRY--PERSONAL NAME | |
| Personal name | Dawson, John A. |
| 9 (RLIN) | 23249 |
| 700 1# - ADDED ENTRY--PERSONAL NAME | |
| Personal name | Lee, Jung-Hee, |
| Dates associated with a name | 1961- |
| 9 (RLIN) | 23250 |
| 730 0# - ADDED ENTRY--UNIFORM TITLE | |
| Uniform title | Journal of global marketing. |
| 9 (RLIN) | 23251 |
| 856 41 - ELECTRONIC LOCATION AND ACCESS | |
| Materials specified | Table of contents |
| Uniform Resource Identifier | <a href="http://www.loc.gov/catdir/toc/ecip053/2004026733.html">http://www.loc.gov/catdir/toc/ecip053/2004026733.html</a> |
| 942 ## - ADDED ENTRY ELEMENTS (KOHA) | |
| Source of classification or shelving scheme | Dewey Decimal Classification |
| Item type | Book - Borrowing |
| Withdrawn status | Item status | Source of classification or shelving scheme | Damaged status | Not for loan | Vendor | Home library | Current library | Shelving location | Date acquired | Source of acquisition | Cost, normal purchase price | Total Checkouts | Full call number | Barcode | Date last seen | Date last borrowed | Koha item type |
|---|---|---|---|---|---|---|---|---|---|---|---|---|---|---|---|---|---|
| Dewey Decimal Classification | Baccah | Central Library | Central Library | First floor | 20/04/2011 | 450.00 | 3 | 658.870095 INT | 000023350 | 15/07/2025 | 13/11/2014 | Book - Borrowing |